000 00618nam a2200241Ia 4500
003 OSt
005 20221007065557.0
006 a|||||r|||| 00| 0
007 ta
008 221006b |||||||| |||| 00| 0 eng d
020 _cRs. 195/-
024 _a10,544
037 _cTextual
040 _aFLL
_cFLL
_beng
041 _2eng
_aeng
082 _aZ1, P2
100 _aTandon M.P.
_9349121
245 0 _aPublic international law
260 _aFaridabad
_bAllahabad Law Agency India
_c2002
300 _axxxviii,627p
_ccm.
942 _hZ1, P2
_cTEXL
_2CC
999 _c1137719
_d1137719